000 00369nam a2200145Ia 4500
005 20251222151342.0
008 251222s9999||||xx |||||||||||||| ||spa||
020 _a84-270-0982-8
082 _a158.72/M47
100 _aMckay, Matthew
245 0 _aTécnicas cognitivas para el tratamiento del estrés
250 _a1a.ed.
264 _bNew Harbinger,
942 _cLIB
999 _c24525
_d24525